<?xml version="1.0" encoding="UTF-8"?>
<marc:record xmlns:marc="http://www.loc.gov/MARC21/slim">
   <marc:leader>00000nam a2200000 a 4500</marc:leader>
   <marc:datafield ind1="1" ind2=" " tag="100">
      <marc:subfield code="a">Schneider, Paul</marc:subfield>
   </marc:datafield>
   <marc:datafield ind1="1" ind2=" " tag="100">
      <marc:subfield code="a">Whishaw, Ben</marc:subfield>
   </marc:datafield>
   <marc:datafield ind1="1" ind2=" " tag="100">
      <marc:subfield code="a">Cornish, Abbie</marc:subfield>
   </marc:datafield>
   <marc:datafield ind1="1" ind2=" " tag="100">
      <marc:subfield code="a">Campion, Jane</marc:subfield>
   </marc:datafield>
   <marc:datafield ind1="0" ind2="0" tag="245">
      <marc:subfield code="a">Bright Star [Bildtonträger]</marc:subfield>
   </marc:datafield>
   <marc:datafield ind1="0" ind2="0" tag="245">
      <marc:subfield code="c">ein Jane Campion Film. Darsteller: Abbie Cornish, Ben Whishaw...</marc:subfield>
   </marc:datafield>
   <marc:datafield ind1=" " ind2="1" tag="264">
      <marc:subfield code="a">München</marc:subfield>
      <marc:subfield code="b">Universum Film</marc:subfield>
      <marc:subfield code="c">2010</marc:subfield>
   </marc:datafield>
   <marc:datafield ind1="1" ind2=" " tag="520">
      <marc:subfield code="a">Es ist eine Liebe, die zum Scheitern verurteilt scheint... Zu groß sind die Unterschiede zwischen der zwar klugen und schlagfertigen, aber nicht sonderlich gebildeten Schneiderin Fanny und dem jungen und sehr begabten, aber auch reichlich schwermütigen Poeten John. Gleich von zwei Seiten wird ihre Beziehung skeptisch beobachtet: Fannys Mutter ist in Sorge, weil John über keine finanziellen mittel verfügt. Johns väterlichem Mentor Mr. Brown missfällt die hübsche Fanny, weil er sie für eine bloße Ablenkung von der Dichtkunst hält. Immer wieder voneinander getrennt, bleibt den Liebenden ihr inniger Briefwechsel, um einander nah zu sein. Doch als John schwer erkrankt, spitzt sich die Lage dramatisch zu...</marc:subfield>
   </marc:datafield>
   <marc:datafield ind1=" " ind2=" " tag="020">
      <marc:subfield code="a">8697768129</marc:subfield>
      <marc:subfield code="9">8697768129</marc:subfield>
   </marc:datafield>
   <marc:datafield ind1=" " ind2=" " tag="041">
      <marc:subfield code="a">ger</marc:subfield>
   </marc:datafield>
   <marc:datafield ind1="0" ind2=" " tag="490">
      <marc:subfield code="v">0</marc:subfield>
   </marc:datafield>
   <marc:datafield ind1=" " ind2=" " tag="300">
      <marc:subfield code="a">115' : 1 DVD</marc:subfield>
   </marc:datafield>
</marc:record>
